| 000 | 01087cam a2200217 4500 | ||
|---|---|---|---|
| 001 | ##L135076 | ||
| 008 | 060922n2006 000 0 eng u | ||
| 035 | _a(Sirsi) u135076 | ||
| 041 | 0 | _aeng | |
| 100 | 1 | _aChesson, Adrian | |
| 110 | 2 |
_aOffice for National Statistics _92210 |
|
| 245 | 0 | 0 |
_aIncluding finance lease liabilities in public sector net debt _bPFI and other |
| 260 | _c2006 | ||
| 520 | _aFor the first time, estimates of imputed finance lease liabilities, the majority of which are associated with PFI projects, have been included in the Public Sector Finances First Release. Discusses the characteristics of a finance lease, and how liabilites under them are recorded. Also looks at measurement issues faced by compilers of national accounts and public sector finances. | ||
| 590 | _aIKA031006 | ||
| 651 | 4 |
_aUnited Kingdom _y |
|
| 690 | _aPROPERTY-PROPERTY FINANCE AND INVESTMENT | ||
| 700 | 1 | _aMaitland-Smith, Fenella | |
| 856 | 4 | 0 |
_uhttps://www.statistics.gov.uk/cci/article.asp?id=1638 _zView the article free of charge at www.statistics.gov.uk... |
| 942 | _n0 | ||
| 999 |
_c105905 _d105905 |
||